[Event "Portugal Open 2018"]
[Site "Lisboa POR"]
[Date "2018.02.08"]
[Round "8.85"]
[White "Carpentier, Jannes"]
[Black "Avelino, Camila"]
[Result "1/2-1/2"]
[WhiteElo "1933"]
[BlackElo "1694"]
[WhiteFideId "235059"]
[BlackFideId "1938975"]
[WhiteCountry "BEL"]
[BlackCountry "POR"]
[PlyCount "119"]
[EventDate "2018.??.??"]

1. b3 Nf6 2. Bb2 g6 3. Bxf6 exf6 4. c4 d5 5. cxd5 Qxd5 6. Nc3 Qa5 7. Nf3 c6 8.
e3 Bg7 9. Be2 f5 10. Qc2 Na6 11. a3 O-O 12. O-O c5 13. Rfb1 Nc7 14. b4 cxb4 15.
axb4 Qb6 16. d4 Ne6 17. Ra5 Qd8 18. Rba1 f4 19. d5 Bxc3 20. Qxc3 b6 21. dxe6
bxa5 22. exf7+ Rxf7 23. Bc4 axb4 24. Qb3 Qf6 25. Rd1 fxe3 26. fxe3 a5 27. Ng5
Qxg5 28. Bxf7+ Kg7 29. Rf1 Bf5 30. Bd5 Re8 31. e4 Bxe4 32. Rf7+ Kh6 33. Qh3+ Qh5
34. Qe3+ g5 35. Rf6+ Kg7 36. Qd4 Bxd5 37. Rf3+ Kg8 38. Qxd5+ Kg7 39. Qxa5 Qg6
40. Qxb4 Qe6 41. Rf1 Qe2 42. Qd4+ Qe5 43. Qg4 h6 44. Qh5 Re7 45. h4 Qe3+ 46. Kh1
Qg3 47. hxg5 Qxg5 48. Qf3 Qh4+ 49. Kg1 Qd4+ 50. Kh2 Qh4+ 51. Qh3 Qxh3+ 52. Kxh3
Kg6 53. Ra1 Re3+ 54. Kh4 Re4+ 55. g4 Rf4 56. Ra6+ Rf6 57. Rxf6+ Kxf6 58. Kh5 Kg7
59. g5 hxg5 60. Kxg5 1/2-1/2

[Event "Portugal Open 2018"]
[Site "Lisboa POR"]
[Date "2018.02.08"]
[Round "8.86"]
[White "Stokes, Paul"]
[Black "Pérez Bolanos, Joel"]
[Result "1-0"]
[WhiteElo "1916"]
[BlackElo "1628"]
[WhiteFideId "419010"]
[BlackFideId "24564419"]
[WhiteCountry "ENG"]
[BlackCountry "ESP"]
[PlyCount "139"]
[EventDate "2018.??.??"]

1. d4 Nf6 2. c4 g6 3. g3 Bg7 4. Bg2 O-O 5. Nc3 d6 6. Nf3 Nbd7 7. O-O e5 8. e4
Nh5 9. Be3 f5 10. exf5 gxf5 11. Ng5 Qe8 12. Bd5+ Kh8 13. Ne6 f4 14. Nxc7 Qg6 15.
Be4 Qg5 16. Ne6 Qh6 17. Nxf8 fxe3 18. Nxd7 Bxd7 19. dxe5 Bxe5 20. Qe2 Bh3 21.
Qxe3 Qxe3 22. fxe3 Bxf1 23. Rxf1 Nf6 24. Bg2 Rc8 25. Nd5 Nxd5 26. Bxd5 Rc7 27.
b3 Kg7 28. Kg2 Bc3 29. Rf5 Re7 30. e4 b6 31. Kf3 Be5 32. h4 h6 33. Kg4 Rc7 34.
Rf3 Re7 35. Kh5 Bf6 36. Rf5 Be5 37. g4 Rc7 38. g5 hxg5 39. hxg5 Re7 40. g6 Bf6
41. Rxf6 Kxf6 42. Kh6 Rg7 43. Bf7 a6 44. a3 a5 45. a4 Rxf7 46. gxf7 Kxf7 47. Kg5
Ke7 48. Kf4 Kf6 49. Ke3 Ke6 50. Kd4 Kd7 51. Kd5 Kc7 52. Ke6 Kc6 53. Ke7 Kc7 54.
Kf6 Kb7 55. e5 dxe5 56. Kxe5 Kc6 57. Kd4 Kd6 58. Kd3 Kc6 59. Kc3 Kc5 60. Kb2 Kb4
61. Kc2 Ka3 62. Kc3 Ka2 63. b4 Ka3 64. bxa5 bxa5 65. c5 Kxa4 66. c6 Ka3 67. c7
a4 68. c8=Q Ka2 69. Qb7 Ka3 70. Qb2# 1-0

[Event "Portugal Open 2018"]
[Site "Lisboa POR"]
[Date "2018.02.08"]
[Round "8.87"]
[White "Rupérez Benito, Yaiza"]
[Black "Skielnik, Joseph"]
[Result "0-1"]
[WhiteElo "1503"]
[BlackElo "1890"]
[WhiteFideId "22297626"]
[BlackFideId "423807"]
[WhiteCountry "ESP"]
[BlackCountry "ENG"]
[PlyCount "154"]
[EventDate "2018.??.??"]

1. e4 c6 2. Nf3 d5 3. Nc3 dxe4 4. Nxe4 Nf6 5. Qe2 Bg4 6. Nxf6+ gxf6 7. c3 Bg7 8.
d4 O-O 9. Qe4 Bh5 10. Bd3 Bg6 11. Qe2 Nd7 12. O-O e5 13. Rd1 e4 14. Bxe4 Re8 15.
Nd2 f5 16. f3 fxe4 17. fxe4 Qh4 18. e5 c5 19. Nf3 Qe4 20. Qf2 Qc2 21. Rd2 Qf5
22. Re2 cxd4 23. cxd4 Bh5 24. Qe3 Bxf3 25. Qxf3 Qxf3 26. gxf3 Re6 27. f4 Rg6+
28. Kf1 f5 29. Bd2 Nb6 30. b3 Rc8 31. Rd1 Nd5 32. a4 Kf8 33. Rde1 Ke7 34. a5 Bh6
35. Rf2 Ke6 36. Rf3 Bf8 37. Rd1 Rc2 38. Rh3 Rh6 39. Rxh6+ Bxh6 40. h4 Bxf4 41.
Bxf4 Nxf4 42. b4 Nd5 43. Rb1 f4 44. b5 Rh2 45. Kg1 Rd2 46. a6 b6 47. Rc1 Rxd4
48. h5 Kxe5 49. h6 Ke4 50. Re1+ Kf3 51. Kh1 Kg3 52. Rf1 f3 53. Kg1 f2+ 54. Rxf2
Rd1+ 55. Rf1 Rxf1+ 56. Kxf1 Nc7 57. Kg1 Nxb5 58. Kf1 Nc7 59. Ke2 Nxa6 60. Ke3
Kg4 61. Ke4 Kg5 62. Kd5 Kxh6 63. Kc6 Nc5 64. Kb5 Kg5 65. Kc6 h5 66. Kd6 h4 67.
Ke7 h3 68. Ke8 h2 69. Kd8 h1=Q 70. Ke8 a5 71. Kd8 a4 72. Ke8 a3 73. Kf8 a2 74.
Ke8 a1=Q 75. Kd8 Qd5+ 76. Ke8 Qd7+ 77. Kf8 Qag7# 0-1

[Event "Portugal Open 2018"]
[Site "Lisboa POR"]
[Date "2018.02.08"]
[Round "8.88"]
[White "Gomes, José Luis"]
[Black "Moreira, Simao Chaves"]
[Result "1/2-1/2"]
[WhiteElo "1889"]
[BlackElo "1490"]
[WhiteFideId "1901710"]
[BlackFideId "1939351"]
[WhiteCountry "POR"]
[BlackCountry "POR"]
[PlyCount "80"]
[EventDate "2018.??.??"]

1. c4 c6 2. Nc3 d5 3. cxd5 cxd5 4. d4 Nf6 5. g3 Nc6 6. Bg2 Bf5 7. a3 e6 8. Nf3
h6 9. O-O Bh7 10. Qa4 Qb6 11. b4 Be7 12. Ne5 Rc8 13. Bf4 Nh5 14. Be3 O-O 15. Nd7
Qd8 16. Nxf8 Kxf8 17. Rac1 e5 18. Nxd5 exd4 19. Nxe7 Qxe7 20. Bxd4 Qxe2 21. Rfe1
Qg4 22. Bc5+ Kg8 23. Bxc6 bxc6 24. Qxc6 Nf6 25. Qg2 Be4 26. h3 Qf5 27. g4 Qd5
28. Qh2 Nh7 29. Rcd1 Qb7 30. f4 g5 31. Rd4 Re8 32. f5 Nf6 33. Bd6 Qb6 34. Bc5
Qb7 35. Red1 Nd5 36. Rxe4 Rxe4 37. Qd6 Ne3 38. Bxe3 Rxe3 39. Rd3 Qf3 40. Rxe3
Qxe3+ 1/2-1/2

[Event "Portugal Open 2018"]
[Site "Lisboa POR"]
[Date "2018.02.08"]
[Round "8.90"]
[White "Silva, Daniel"]
[Black "Ruiz Bellón, Manuel"]
[Result "1/2-1/2"]
[WhiteElo "1536"]
[BlackElo "1886"]
[WhiteFideId "1951378"]
[BlackFideId "32011504"]
[WhiteCountry "POR"]
[BlackCountry "ESP"]
[PlyCount "132"]
[EventDate "2018.??.??"]

1. e4 e6 2. d4 d5 3. e5 c5 4. c3 Nc6 5. Nf3 Nh6 6. Bd3 f6 7. exf6 Qxf6 8. O-O
Bd6 9. Be3 c4 10. Bc2 Nf7 11. Re1 O-O 12. Nbd2 e5 13. dxe5 Nfxe5 14. Nxe5 Nxe5
15. h3 Bf5 16. Bd4 Bxc2 17. Qxc2 Rae8 18. Nf1 Qf4 19. Bxe5 Rxe5 20. Rxe5 Qxe5
21. Rd1 Bc5 22. Rd2 Kh8 23. Re2 Qf6 24. Ne3 d4 25. cxd4 Bxd4 26. Nf5 Bc5 27. Ne3
b5 28. Nd5 Qg5 29. Nc3 Bb6 30. Ne4 Qe5 31. Nc3 Bxf2+ 32. Kh1 Be3 33. Qd1 Qg3 34.
Nd5 Bc5 35. Nc3 Bd6 36. Qg1 Bb8 37. Nxb5 h6 38. Re3 Qg5 39. Nd4 Qxe3 40. Qxe3
Rf1+ 41. Qg1 Rxg1+ 42. Kxg1 Be5 43. Nc2 Bxb2 44. Kf2 g5 45. Kf3 Kg7 46. Ke4 Kf6
47. g4 Ke6 48. Ne3 c3 49. Nc2 Bc1 50. Nd4+ Kd7 51. Kd5 Be3 52. Nc2 Bf4 53. Nd4
Kc7 54. Nb5+ Kb6 55. Nxc3 a6 56. Kc4 Kc6 57. Ne4 Be5 58. Nc5 a5 59. Nb3 Kb6 60.
a4 Bd6 61. Nd4 Ba3 62. Nf5 Bf8 63. Nd4 Bb4 64. Nf5 Bf8 65. Nd4 Bb4 66. Nf5 Bf8
1/2-1/2

[Event "Portugal Open 2018"]
[Site "Lisboa POR"]
[Date "2018.02.08"]
[Round "8.91"]
[White "Dong, Rafael"]
[Black "Santos, Júlio"]
[Result "0-1"]
[WhiteElo "1149"]
[BlackElo "1870"]
[WhiteFideId "1958038"]
[BlackFideId "1900650"]
[BlackTitle "NM"]
[WhiteCountry "POR"]
[BlackCountry "POR"]
[PlyCount "68"]
[EventDate "2018.??.??"]

1. Nf3 d5 2. d4 g6 3. Bf4 Bg7 4. e3 c6 5. Be2 Nf6 6. Nbd2 O-O 7. c3 Bf5 8. h3
Nbd7 9. Qb3 Qb6 10. O-O Ne4 11. Qxb6 Nxb6 12. Nxe4 Bxe4 13. Ne5 f6 14. Nd3 Nd7
15. Rfe1 e5 16. Bh2 Bxd3 17. Bxd3 e4 18. Bc2 Rfc8 19. Bd6 Kf7 20. Rad1 Ke6 21.
Bg3 f5 22. h4 Bf6 23. Re2 Rg8 24. Red2 g5 25. h5 Be7 26. c4 Nf6 27. Bb3 Nxh5 28.
cxd5+ cxd5 29. Be5 Rac8 30. g3 a6 31. Kg2 Bb4 32. Re2 f4 33. Rh1 f3+ 34. Kf1
Rc1+ 0-1

[Event "Portugal Open 2018"]
[Site "Lisboa POR"]
[Date "2018.02.08"]
[Round "8.92"]
[White "Cohen, Lawrence"]
[Black "Gonçalves, Samuel"]
[Result "0-1"]
[WhiteElo "1866"]
[BlackElo "1469"]
[WhiteFideId "2026228"]
[BlackFideId "1945130"]
[WhiteCountry "USA"]
[BlackCountry "POR"]
[PlyCount "88"]
[EventDate "2018.??.??"]

1. c4 Nf6 2. g3 e6 3. Bg2 Be7 4. Nc3 O-O 5. e3 c5 6. Nge2 Nc6 7. O-O a6 8. d4
cxd4 9. exd4 d5 10. cxd5 Nxd5 11. Nxd5 exd5 12. Nf4 Be6 13. Nxe6 fxe6 14. Bh3
Qd7 15. Re1 Rf6 16. Bf4 Bd6 17. Bg5 Rg6 18. Rc1 Re8 19. Be3 h6 20. f4 Qf7 21.
Kh1 Rf6 22. b3 Ne7 23. Rf1 Nf5 24. Bg1 Bb8 25. Rc2 Nd6 26. Bg2 Rg6 27. Bf3 Rf6
28. Bh5 g6 29. Bf3 Kg7 30. Bg2 h5 31. Re2 Rh8 32. h4 Nf5 33. Bf2 Ba7 34. Kh2 Bb8
35. Bh3 Nd6 36. Bg2 Rf8 37. Rfe1 Nb5 38. Rc2 Nd6 39. a4 Nf5 40. Kh3 Nh6 41. Rf1
Rxf4 42. gxf4 Qxf4 43. Rh1 Qf5+ 44. Qg4 Qxg4# 0-1

[Event "Portugal Open 2018"]
[Site "Lisboa POR"]
[Date "2018.02.08"]
[Round "8.93"]
[White "Roxo, Agostinho"]
[Black "Martins, Domingos"]
[Result "1-0"]
[WhiteElo "1862"]
[BlackElo "1223"]
[WhiteFideId "1902890"]
[BlackFideId "1947389"]
[WhiteCountry "POR"]
[BlackCountry "POR"]
[PlyCount "39"]
[EventDate "2018.??.??"]

1. c4 e5 2. Nc3 Nc6 3. Nf3 f5 4. d3 Nf6 5. g3 d5 6. cxd5 Nxd5 7. Bg2 Nxc3 8.
bxc3 e4 9. Bg5 Be7 10. Bxe7 Qxe7 11. dxe4 fxe4 12. Nd4 Bd7 13. O-O O-O-O 14. Qc2
e3 15. f4 g6 16. Rab1 Qf6 17. Qb3 b6 18. Qc4 Nxd4 19. Qa6+ Kb8 20. Qb7# 1-0

[Event "Portugal Open 2018"]
[Site "Lisboa POR"]
[Date "2018.02.08"]
[Round "8.94"]
[White "Oliveira, António Augusto"]
[Black "Lazarevic, Dusan"]
[Result "0-1"]
[WhiteElo "1617"]
[BlackElo "1983"]
[WhiteFideId "1943235"]
[BlackFideId "978523"]
[WhiteCountry "POR"]
[BlackCountry "SRB"]
[PlyCount "96"]
[EventDate "2018.??.??"]

1. f4 g6 2. e4 c5 3. Nf3 Bg7 4. Bc4 e6 5. d4 cxd4 6. Nxd4 a6 7. c3 Ne7 8. Qe2
O-O 9. Be3 b5 10. Bb3 Bb7 11. Nd2 d5 12. e5 Nec6 13. N2f3 b4 14. Nxc6 Nxc6 15.
Rc1 a5 16. Qb5 Rb8 17. Nd4 Ba8 18. Nxc6 Rxb5 19. Nxd8 Rxd8 20. Kf2 f6 21. exf6
Bxf6 22. Bd4 Kf7 23. Be5 bxc3 24. Rxc3 a4 25. Rc7+ Be7 26. Bxa4 Rb4 27. b3 d4
28. a3 Rb7 29. Rhc1 Rxc7 30. Rxc7 d3 31. Rd7 Rxd7 32. Bxd7 Bxa3 33. Bc3 Bc5+ 34.
Ke1 Bxg2 35. b4 Bd6 36. Kf2 Be4 37. Ke3 Bf5 38. b5 g5 39. fxg5 Bxh2 40. Bc6 e5
41. b6 Bg1+ 42. Kd2 Bxb6 43. Bxe5 Ba5+ 44. Bc3 Bd8 45. Bf6 Bc7 46. Bd4 Kg6 47.
Bb5 Ba5+ 48. Ke3 d2 0-1

[Event "Portugal Open 2018"]
[Site "Lisboa POR"]
[Date "2018.02.08"]
[Round "8.95"]
[White "Staufenberger, Bernd"]
[Black "Gaudin, Bruno"]
[Result "1-0"]
[WhiteElo "1981"]
[BlackElo "1635"]
[WhiteFideId "4682505"]
[BlackFideId "647861"]
[WhiteCountry "GER"]
[BlackCountry "FRA"]
[PlyCount "71"]
[EventDate "2018.??.??"]

1. e4 d6 2. Nc3 e5 3. f4 exf4 4. Nf3 Ne7 5. Bc4 Ng6 6. d4 Be7 7. O-O Bg4 8. Nd5
O-O 9. Nxf4 Nxf4 10. Bxf4 Be6 11. Bd3 f5 12. Qe2 c6 13. exf5 Bf7 14. c3 Re8 15.
Qd2 b5 16. a3 Nd7 17. Ng5 Bxg5 18. Bxg5 Nf6 19. Rae1 Rxe1 20. Rxe1 Qf8 21. Bxf6
gxf6 22. Re3 h6 23. Qe2 Re8 24. h3 Kh7 25. Rxe8 Qxe8 26. Qxe8 Bxe8 27. Kf2 h5
28. c4 a5 29. cxb5 cxb5 30. Be4 h4 31. Kf3 Bh5+ 32. Kf4 Kh6 33. Bd3 b4 34. Bc4
Bd1 35. axb4 axb4 36. Bd3 1-0

[Event "Portugal Open 2018"]
[Site "Lisboa POR"]
[Date "2018.02.08"]
[Round "8.96"]
[White "Ribeiro, Bruno Rafael"]
[Black "Lages, Duarte"]
[Result "1-0"]
[WhiteElo "1831"]
[BlackElo "1569"]
[WhiteFideId "1908081"]
[BlackFideId "2161680"]
[WhiteCountry "POR"]
[BlackCountry "BRA"]
[PlyCount "37"]
[EventDate "2018.??.??"]

1. e4 c5 2. Nc3 Nc6 3. g3 g6 4. Bg2 Bg7 5. d3 d6 6. f4 Nd4 7. Nf3 Bg4 8. O-O e6
9. Be3 Ne7 10. Qd2 Nxf3+ 11. Bxf3 Bxf3 12. Rxf3 Nc6 13. f5 Nd4 14. Rf2 exf5 15.
exf5 Nxf5 16. Bg5 f6 17. Re1+ Kf7 18. Re4 fxg5 19. g4 1-0

[Event "Portugal Open 2018"]
[Site "Lisboa POR"]
[Date "2018.02.08"]
[Round "8.97"]
[White "Oliveira, Fernando Alves"]
[Black "Baumgartner, Christopher"]
[Result "0-1"]
[WhiteElo "1604"]
[BlackElo "1809"]
[WhiteFideId "1947869"]
[BlackFideId "2022087"]
[WhiteCountry "POR"]
[BlackCountry "USA"]
[PlyCount "66"]
[EventDate "2018.??.??"]

1. d4 d5 2. Nf3 Nf6 3. Bf4 c5 4. e3 g6 5. Nbd2 Bg7 6. c3 O-O 7. dxc5 a5 8. a4
Re8 9. Bb5 Nc6 10. Ne5 Bd7 11. Ndf3 Rc8 12. Nxd7 Qxd7 13. Ne5 Qd8 14. Nxc6 bxc6
15. Ba6 Ra8 16. Bb7 e5 17. Bg5 Rb8 18. Bxc6 Re6 19. Bxd5 Qxd5 20. Qxd5 Nxd5 21.
O-O-O Nf6 22. Rd2 Ne4 23. Rd7 Nxg5 24. Rhd1 Ne4 25. Ra7 Nxc5 26. Rd5 Rc6 27. Kc2
Nxa4 28. Rdxa5 Nxb2 29. Ra8 Rcc8 30. R8a7 Nc4 31. Rd5 Rb2+ 32. Kc1 Rxf2 33. Rdd7
Nxe3 0-1

[Event "Portugal Open 2018"]
[Site "Lisboa POR"]
[Date "2018.02.08"]
[Round "8.98"]
[White "Cavadas, José"]
[Black "Silva, Pedro Gil"]
[Result "1-0"]
[WhiteElo "1535"]
[BlackElo "1766"]
[WhiteFideId "1904990"]
[BlackFideId "1946102"]
[WhiteCountry "POR"]
[BlackCountry "POR"]
[PlyCount "63"]
[EventDate "2018.??.??"]

1. d4 d5 2. Nf3 Nf6 3. c4 dxc4 4. Nc3 a6 5. a4 c5 6. d5 e6 7. e4 exd5 8. exd5
Nbd7 9. Bxc4 Nb6 10. Ba2 c4 11. O-O Be7 12. a5 Nbxd5 13. Bxc4 Nxc3 14. Qxd8+
Bxd8 15. Re1+ Nce4 16. Ng5 O-O 17. Nxe4 Nxe4 18. Rxe4 Bf5 19. Re1 Bc7 20. Bd5
Rab8 21. Bf3 Rfe8 22. Rxe8+ Rxe8 23. Be3 Be5 24. Rd1 Bc8 25. b3 Bc3 26. Bb6 g6
27. Rd8 Rxd8 28. Bxd8 Kf8 29. Bb6 Ke7 30. Kf1 f5 31. Bd5 h6 32. Ke2 1-0

[Event "Portugal Open 2018"]
[Site "Lisboa POR"]
[Date "2018.02.08"]
[Round "8.99"]
[White "Amaral, Fernando"]
[Black "Calzada Cruz, Osvaldo"]
[Result "0-1"]
[WhiteElo "1518"]
[BlackElo "1745"]
[WhiteFideId "1931288"]
[BlackFideId "3509460"]
[WhiteCountry "POR"]
[BlackCountry "CUB"]
[PlyCount "42"]
[EventDate "2018.??.??"]

1. e4 e6 2. d4 d5 3. Nc3 dxe4 4. Nxe4 Nf6 5. Nxf6+ Qxf6 6. Nf3 Nc6 7. Bg5 Qf5 8.
Bd3 Qa5+ 9. c3 f6 10. Bd2 Bd7 11. O-O Qh5 12. Re1 O-O-O 13. b4 g5 14. g3 Bg7 15.
b5 Ne7 16. c4 Nf5 17. Be2 g4 18. Nh4 Nxh4 19. Bxg4 Qg6 20. Bh5 Qd3 21. gxh4 Qxc4
0-1

[Event "Portugal Open 2018"]
[Site "Lisboa POR"]
[Date "2018.02.08"]
[Round "8.100"]
[White "Marques, Afonso"]
[Black "Billot, Daniel"]
[Result "1/2-1/2"]
[WhiteElo "1399"]
[BlackElo "1710"]
[WhiteFideId "1947184"]
[BlackFideId "618004"]
[WhiteCountry "POR"]
[BlackCountry "FRA"]
[PlyCount "81"]
[EventDate "2018.??.??"]

1. e4 d5 2. exd5 Qxd5 3. Nc3 Qd6 4. d4 Nf6 5. Nf3 c6 6. h3 Bf5 7. Bc4 e6 8. O-O
Be7 9. Re1 O-O 10. Be3 Nbd7 11. Qd2 Rfe8 12. Bf4 Qb4 13. Bb3 Nd5 14. a3 Qb6 15.
Nxd5 exd5 16. Re2 Nf6 17. Rae1 Ne4 18. Qd1 Qd8 19. c4 Be6 20. Qc2 Ng5 21. Bxg5
Bxg5 22. cxd5 cxd5 23. Ba4 Rf8 24. Qd3 Bf6 25. Ne5 g6 26. Bc2 Rc8 27. Qf3 Bg7
28. Ba4 Qg5 29. Bd7 Rc1 30. Bxe6 fxe6 31. Qg4 Qxg4 32. hxg4 Rxe1+ 33. Rxe1 Bxe5
34. dxe5 Rc8 35. Re3 Rc1+ 36. Kh2 Rc2 37. Rb3 Rxf2 38. Rxb7 Rf4 39. Rb8+ Rf8 40.
Rb7 Rf7 41. Rb8+ 1/2-1/2

[Event "Portugal Open 2018"]
[Site "Lisboa POR"]
[Date "2018.02.08"]
[Round "8.101"]
[White "Asvestopoulou, Evdokia"]
[Black "Santos, Ana P"]
[Result "1-0"]
[WhiteElo "1685"]
[BlackElo "1534"]
[WhiteFideId "4219198"]
[BlackFideId "1921550"]
[WhiteCountry "GRE"]
[BlackCountry "POR"]
[PlyCount "99"]
[EventDate "2018.??.??"]

1. d4 d5 2. c4 e6 3. Nc3 Nf6 4. Bg5 Be7 5. Nf3 h6 6. Bh4 Nbd7 7. e3 O-O 8. Bd3
c6 9. O-O dxc4 10. Bxc4 b5 11. Bd3 a6 12. Rc1 Bb7 13. Bb1 Qc7 14. e4 e5 15. d5
Rfe8 16. a3 Rac8 17. Ba2 Qd6 18. dxc6 Bxc6 19. Qd2 Nc5 20. Bb1 Nh5 21. Rfd1 Qe6
22. Ba2 Nb3 23. Qc2 Bxh4 24. Nxh4 Nf4 25. Qxb3 Qxb3 26. Bxb3 Bxe4 27. g3 Nh3+
28. Kf1 Bc6 29. Ng2 e4 30. Ne3 Kf8 31. Bd5 Ng5 32. Kg2 h5 33. h4 Nf3 34. Ne2
Bxd5 35. Nxd5 Rxc1 36. Rxc1 Rd8 37. Nef4 g6 38. Rc6 a5 39. Rb6 Nd4 40. Nc3 Nc2
41. Nxe4 Rd1 42. Rxb5 Ne1+ 43. Kf1 Nc2+ 44. Ke2 Nd4+ 45. Kxd1 Nxb5 46. Kd2 Ke7
47. Kd3 Kd7 48. Kc4 Nc7 49. Nc5+ Kd6 50. Nb7+ 1-0

[Event "Portugal Open 2018"]
[Site "Lisboa POR"]
[Date "2018.02.08"]
[Round "8.103"]
[White "Voges, Guilherme"]
[Black "Vedor, Bernardo"]
[Result "1/2-1/2"]
[WhiteElo "1384"]
[BlackElo "1662"]
[WhiteFideId "1947680"]
[BlackFideId "1953540"]
[WhiteCountry "POR"]
[BlackCountry "POR"]
[PlyCount "88"]
[EventDate "2018.??.??"]

1. e4 e5 2. Nf3 Nc6 3. c3 Nf6 4. d4 Nxe4 5. d5 Ne7 6. Nxe5 Ng6 7. Qf3 Qf6 8.
Qxe4 Qxe5 9. Qxe5+ Nxe5 10. Bf4 d6 11. Nd2 Be7 12. Bb5+ Bd7 13. Bxd7+ Kxd7 14.
Bxe5 dxe5 15. O-O-O Rhe8 16. Rhe1 Bc5 17. Ne4 Bb6 18. Ng5 Bxf2 19. Re2 Bh4 20.
Nxf7 Bf6 21. d6 c6 22. g4 Rf8 23. Nxe5+ Bxe5 24. Rxe5 Rae8 25. Rxe8 Rxe8 26. c4
Re4 27. b3 Rxg4 28. c5 b6 29. Re1 bxc5 30. Re7+ Kxd6 31. Rxa7 Rg1+ 32. Kc2 Rg2+
33. Kc3 Rxh2 34. a4 Rh3+ 35. Kb2 c4 36. bxc4 Kc5 37. Rxg7 Kxc4 38. Rb7 Rh5 39.
Ka3 c5 40. a5 Kd5 41. Ka4 Rh4+ 42. Kb5 Rb4+ 43. Ka6 Kc6 44. Rxh7 c4 1/2-1/2

[Event "Portugal Open 2018"]
[Site "Lisboa POR"]
[Date "2018.02.08"]
[Round "8.104"]
[White "Passeiro, Lourenço"]
[Black "Fortunato, António"]
[Result "1/2-1/2"]
[WhiteElo "1362"]
[BlackElo "1651"]
[WhiteFideId "1934848"]
[BlackFideId "1941810"]
[WhiteCountry "POR"]
[BlackCountry "POR"]
[PlyCount "63"]
[EventDate "2018.??.??"]

1. e4 e6 2. Qe2 b6 3. d3 c5 4. g3 Bb7 5. Bg2 Nc6 6. c3 Qc7 7. Nf3 g6 8. O-O Bg7
9. Be3 Nf6 10. h3 O-O 11. Nbd2 d5 12. Bg5 Nd7 13. g4 Qc8 14. Bh4 d4 15. c4 e5
16. Bg3 Qe8 17. Nh2 g5 18. Nhf3 f6 19. Rfb1 Bc8 20. Bh2 Kf7 21. Nf1 Rh8 22. Ng3
Nf8 23. Nd2 Ng6 24. Nf5 Bf8 25. Nb3 Rb8 26. Nc1 Ke6 27. Qd2 Nge7 28. Ne2 h5 29.
f3 Nxf5 30. exf5+ Kd6 31. Ng3 Qf7 32. Ne4+ 1/2-1/2

[Event "Portugal Open 2018"]
[Site "Lisboa POR"]
[Date "2018.02.08"]
[Round "8.105"]
[White "Rodriguez Bernal, Herman"]
[Black "Correia, Pedro Mourão"]
[Result "1-0"]
[WhiteElo "1730"]
[BlackElo "1520"]
[WhiteFideId "22266186"]
[BlackFideId "1959522"]
[BlackCountry "POR"]
[PlyCount "137"]
[EventDate "2018.??.??"]

1. d4 c6 2. c4 d5 3. cxd5 cxd5 4. Nc3 Nf6 5. Nf3 Nc6 6. a3 a6 7. Bf4 Bf5 8. Ne5
Qb6 9. Nxc6 Qxc6 10. e3 e6 11. Rc1 Rc8 12. f3 Be7 13. Bd3 O-O 14. O-O Bxd3 15.
Qxd3 Qd7 16. Ne2 Rxc1 17. Rxc1 Rc8 18. Rc3 Nh5 19. Qc2 Rxc3 20. Qxc3 Nxf4 21.
Nxf4 Bd6 22. Nd3 Kf8 23. Kf2 Ke8 24. h3 b6 25. Ke2 Qc7 26. Kd2 a5 27. Qxc7 Bxc7
28. a4 Bd6 29. Ke2 Ke7 30. e4 dxe4 31. fxe4 Kd7 32. g4 Kc6 33. b3 g5 34. Nb2 f6
35. Nc4 Bc7 36. Kd3 b5 37. Ne3 bxa4 38. bxa4 Bd8 39. Kc4 Bc7 40. Nd1 Bd6 41. Nf2
h6 42. Nd3 Kb6 43. d5 e5 44. Nb2 Bb4 45. Nd3 Bd6 46. Nf2 Bb4 47. Nd1 Bd2 48. Kd3
Bb4 49. Ne3 Bf8 50. Kc4 Be7 51. Nf5 Bf8 52. d6 Kc6 53. d7 Kxd7 54. Kb5 Bb4 55.
Nxh6 Kd6 56. Nf5+ Kd7 57. Ne3 Kc8 58. Nd5 Kb7 59. Nxf6 Bd2 60. Nd7 Bc3 61. Nc5+
Ka7 62. Nb3 Kb7 63. Nxa5+ Kc7 64. Nc4 Bd4 65. a5 Kb7 66. Nd6+ Kc7 67. Nf7 Kd7
68. Nxg5 Kc7 69. Ne6+ 1-0

[Event "Portugal Open 2018"]
[Site "Lisboa POR"]
[Date "2018.02.08"]
[Round "8.106"]
[White "Lopes, José Cidreiro"]
[Black "Elias, Rúben"]
[Result "0-1"]
[WhiteElo "1600"]
[BlackElo "1836"]
[WhiteFideId "1904841"]
[BlackFideId "1906453"]
[WhiteCountry "POR"]
[BlackCountry "POR"]
[PlyCount "84"]
[EventDate "2018.??.??"]

1. e4 e5 2. Nf3 Nc6 3. Bb5 a6 4. Ba4 Nf6 5. O-O Nxe4 6. Re1 Nc5 7. Bxc6 dxc6 8.
d4 Ne6 9. dxe5 Bc5 10. Qxd8+ Nxd8 11. Be3 Be7 12. Bg5 Bxg5 13. Nxg5 Bf5 14. Nc3
Bxc2 15. e6 Nxe6 16. Nxe6 fxe6 17. Rxe6+ Kf7 18. Rae1 Rhe8 19. Rxe8 Rxe8 20.
Rxe8 Kxe8 21. f4 Ke7 22. Kf2 Ke6 23. g4 c5 24. Ke3 h6 25. h4 b5 26. b3 c4 27.
bxc4 bxc4 28. Kd4 Bd3 29. Kc5 h5 30. gxh5 Kf5 31. Nd5 c6 32. Ne3+ Kxf4 33. Nxc4
Bxc4 34. Kxc4 Kg4 35. Kc5 Kxh5 36. Kxc6 Kxh4 37. Kd5 g5 38. Ke4 g4 39. a4 g3 40.
Kf3 Kh3 41. a5 Kh2 42. Kg4 g2 0-1

[Event "Portugal Open 2018"]
[Site "Lisboa POR"]
[Date "2018.02.08"]
[Round "8.107"]
[White "Rupérez Benito, Paula"]
[Black "Garcia, António"]
[Result "0-1"]
[WhiteElo "1544"]
[BlackElo "1833"]
[WhiteFideId "22297618"]
[BlackFideId "1901931"]
[WhiteCountry "ESP"]
[BlackCountry "POR"]
[PlyCount "52"]
[EventDate "2018.??.??"]

1. e4 c5 2. Nf3 e6 3. Nc3 Nc6 4. d4 cxd4 5. Nxd4 a6 6. Be3 Qc7 7. g3 Nf6 8. Bg2
Bb4 9. Qd2 O-O 10. O-O d5 11. exd5 exd5 12. Bxd5 Bxc3 13. Bxf7+ Qxf7 14. Qxc3
Bh3 15. Rfe1 Nd5 16. Qb3 Nxe3 17. Qxf7+ Rxf7 18. fxe3 Nxd4 19. exd4 Raf8 20. d5
Rf2 21. Rac1 Rg2+ 22. Kh1 Rff2 23. Re8+ Kf7 24. Re3 Rxh2+ 25. Kg1 Rfg2+ 26. Kf1
Rh1# 0-1

[Event "Portugal Open 2018"]
[Site "Lisboa POR"]
[Date "2018.02.08"]
[Round "8.108"]
[White "Ferrante, Filippo"]
[Black "Barros, Luís"]
[Result "0-1"]
[WhiteElo "1539"]
[BlackElo "1831"]
[WhiteFideId "846457"]
[BlackFideId "23600110"]
[WhiteCountry "ITA"]
[BlackCountry "CPV"]
[PlyCount "54"]
[EventDate "2018.??.??"]

1. Nf3 d5 2. g3 Nc6 3. Bg2 e5 4. d3 h6 5. O-O Nf6 6. Nbd2 h5 7. e4 Be6 8. Re1
Bd6 9. b3 Qd7 10. h4 Bg4 11. Nf1 O-O-O 12. N1h2 Bh3 13. Bh1 Bc5 14. Be3 Bxe3 15.
Rxe3 dxe4 16. Ng5 Nd5 17. Nxh3 Nxe3 18. fxe3 Qxh3 19. Nf1 exd3 20. cxd3 Rd6 21.
Bg2 Qd7 22. Kh2 Rxd3 23. Bh3 f5 24. Qf3 g6 25. Qf2 e4 26. Qf4 Qg7 27. Rc1 Qb2+
0-1

[Event "Portugal Open 2018"]
[Site "Lisboa POR"]
[Date "2018.02.08"]
[Round "8.109"]
[White "Afonso, Paulo Jorge"]
[Black "Leite, Marta"]
[Result "1-0"]
[WhiteElo "1511"]
[BlackElo "1784"]
[WhiteFideId "1907549"]
[BlackFideId "1904035"]
[WhiteCountry "POR"]
[BlackCountry "POR"]
[PlyCount "51"]
[EventDate "2018.??.??"]

1. e4 d5 2. exd5 Qxd5 3. Nc3 Qa5 4. Bc4 Nf6 5. Nf3 Bg4 6. d3 c6 7. h3 Bh5 8. Bd2
Qc7 9. Qe2 e6 10. O-O-O Bd6 11. d4 Nbd7 12. Ne4 Be7 13. Rhe1 Nb6 14. Bb3 a5 15.
a3 O-O 16. g4 Bg6 17. Ng3 c5 18. Bxe6 cxd4 19. Bf5 Bc5 20. g5 d3 21. Bxd3 Bxd3
22. Qxd3 Bxf2 23. Re2 Qxg3 24. gxf6 Rfd8 25. Qe4 Rd6 26. Qe8+ 1-0